000 00539nam a2200181Ia 4500
008 100920s9999 xx 000 0 und d
082 _b80084
_a330 न 02
100 _aSaxena V.K.
245 _acost and managment. Accounting.
260 _bsultan chand and sons.
_c2002
300 _a1000
_bसाधी
365 _b200
520 _aअर्थशास्त्र.
630 _acost and managment. Accounting.
650 _aअर्थशास्त्र.
730 _acost and managment. Accounting.
942 _cBOOK
999 _c721022
_d721019